World Cup Runners-Up - Statistics

General Stats
  • This quiz has been taken 155 times
    103 since last reset
  • The average score is 19 of 22
Answer Stats
Year Champion Runner-Up % Correct
2006 Italy France
100%
2022 Argentina France
100%
1930 Uruguay Argentina
99%
1990 West Germany Argentina
99%
2014 Germany Argentina
99%
2018 France Croatia
99%
1950 Uruguay Brazil
98%
1998 France Brazil
98%
2002 Brazil Germany
98%
1970 Brazil Italy
98%
1994 Brazil Italy
98%
1974 West Germany Netherlands
97%
1978 Argentina Netherlands
97%
2010 Spain Netherlands
97%
1958 Brazil Sweden
79%
1938 Italy Hungary
69%
1954 West Germany Hungary
69%
1966 England West Germany
69%
1982 Italy West Germany
69%
1986 Argentina West Germany
69%
1934 Italy Czechoslovakia
58%
1962 Brazil Czechoslovakia
58%
No matching quizzes found
Score Distribution
Percent of People with Each Score
Percentile by Number Answered
Your Score History
You have not taken this quiz since the last reset